[Event "TOP 16 - Final A"]
[Site "TOP16-Final-A"]
[Date "2021.01.17"]
[Round "9"]
[White "Pastouche06"]
[Black "Burrito2001"]
[Result "1/2-1/2"]
[WhiteElo "2199"]
[BlackElo "2167"]
[Annotator "NA RC"]
[PlyCount "124"]
[EventDate "2021.01.17"]
[EventType "blitz"]
[TimeControl "420+3"]

1. d4 {[%emt 0:00:05]} d5 {[%emt 0:00:01]} 2. c4 {[%emt 0:00:03]} c6 {[%emt 0:00:01]} 3. Nf3 {[%emt 0:00:02]} Nf6 {[%emt 0:00:01]} 4. e3 {[%emt 0:00:05]} e6 {[%emt 0:00:05]} 5. b3 {[%emt 0:00:06]} Bd6 {[%emt 0:00:03]} 6. Bb2 {[%emt 0:00:06]} O-O {[%emt 0:00:01]} 7. Bd3 {[%emt 0:00:02]} Nbd7 {[%emt 0:00:07]} 8. O-O {[%emt 0:00:11]} Qe7 {[%emt 0:00:33]} 9. Ne5 {[%emt 0:00:24]} a6 {[%emt 0:00:08]} 10. Qf3 {[%emt 0:00:51]} Rd8 {[%emt 0:01:49]} 11. Qh3 {[%emt 0:00:21]} Nf8 {[%emt 0:00:06]} 12. Nd2 {[%emt 0:00:44]} Ba3 {[%emt 0:00:49]} 13. Bxa3 {[%emt 0:00:14]} Qxa3 {[%emt 0:00:00]} 14. Qh4 {[%emt 0:01:38]} Bd7 {[%emt 0:00:40]} 15. Ndf3 {[%emt 0:00:08]} Be8 {[%emt 0:00:12]} 16. c5 {[%emt 0:00:12]} Rdb8 {[%emt 0:00:34]} 17. g4 {[%emt 0:00:22]} Qa5 {[%emt 0:00:54]} 18. g5 {[%emt 0:00:11]} N6d7 {[%emt 0:00:02]} 19. Nxd7 {[%emt 0:00:16]} Bxd7 {[%emt 0:00:02]} 20. Ne5 {[%emt 0:00:01]} Be8 {[%emt 0:00:02]} 21. f4 {[%emt 0:00:24]} b6 {[%emt 0:00:14]} 22. cxb6 {[%emt 0:00:36]} c5 {[%emt 0:00:11]} 23. Rf3 {[%emt 0:00:22]} cxd4 {[%emt 0:00:48]} 24. Rh3 {[%emt 0:00:07]} dxe3 {[%emt 0:00:14]} 25. Bxh7+ {[%emt 0:00:04]} Nxh7 {[%emt 0:00:01]} 26. Qxh7+ {[%emt 0:00:00]} Kf8 {[%emt 0:00:00]} 27. Qh8+ {[%emt 0:00:07]} Ke7 {[%emt 0:00:01]} 28. Qxg7 {[%emt 0:00:00]} Qd2 {[%emt 0:00:14]} 29. Ng6+ {[%emt 0:00:25]} Kd7 {[%emt 0:00:15]} 30. Nf8+ {[%emt 0:00:05]} Kc6 {[%emt 0:00:05]} 31. Qe5 {[%emt 0:00:07]} e2 {[%emt 0:00:09]} 32. Rc3+ {[%emt 0:00:11]} Kb5 {[%emt 0:00:01]} 33. a4+ {[%emt 0:00:03]} Kb4 {[%emt 0:00:01]} 34. Re3 {[%emt 0:00:02]} Rxb6 {[%emt 0:00:05]} 35. Rxe2 {[%emt 0:00:03]} Qc3 {[%emt 0:00:01]} 36. Qxc3+ {[%emt 0:00:06]} Kxc3 {[%emt 0:00:00]} 37. g6 {[%emt 0:00:01]} fxg6 {[%emt 0:00:02]} 38. Nxe6 {[%emt 0:00:01]} Bd7 {[%emt 0:00:03]} 39. Rc1+ {[%emt 0:00:03]} Kb4 {[%emt 0:00:01]} 40. Nd4 {[%emt 0:00:03]} Bf5 {[%emt 0:00:02]} 41. Nxf5 {[%emt 0:00:06]} gxf5 {[%emt 0:00:01]} 42. Re5 {[%emt 0:00:01]} Rd8 {[%emt 0:00:04]} 43. Rd1 {[%emt 0:00:03]} d4 {[%emt 0:00:01]} 44. Rd3 {[%emt 0:00:03]} Rc6 {[%emt 0:00:03]} 45. Rxf5 {[%emt 0:00:03]} Rc3 {[%emt 0:00:01]} 46. Rd1 {[%emt 0:00:03]} d3 {[%emt 0:00:01]} 47. Kf2 {[%emt 0:00:01]} Kxb3 {[%emt 0:00:02]} 48. Ke3 {[%emt 0:00:06]} d2+ {[%emt 0:00:03]} 49. Ke2 {[%emt 0:00:01]} Kc2 {[%emt 0:00:01]} 50. Re5 {[%emt 0:00:03]} Rc4 {[%emt 0:00:12]} 51. f5 {[%emt 0:00:03]} Rdd4 {[%emt 0:00:04]} 52. Re3 {[%emt 0:00:05]} Rc6 {[%emt 0:00:07]} 53. Re5 {[%emt 0:00:04]} Rcc4 {[%emt 0:00:14]} 54. Re3 {[%emt 0:00:02]} Rc5 {[%emt 0:00:03]} 55. Re6 {[%emt 0:00:04]} Rxf5 {[%emt 0:00:03]} 56. Rc6+ {[%emt 0:00:01]} Kb3 {[%emt 0:00:00]} 57. Rxd2 {[%emt 0:00:02]} Rxd2+ {[%emt 0:00:00]} 58. Kxd2 {[%emt 0:00:00]} Rf2+ {[%emt 0:00:00]} 59. Kd3 {[%emt 0:00:02]} Rxh2 {[%emt 0:00:01]} 60. Rxa6 {[%emt 0:00:02]} Ra2 {[%emt 0:00:01]} 61. Ke3 {[%emt 0:00:04]} Rxa4 {[%emt 0:00:01]} 62. Rxa4 {[%emt 0:00:00]} Kxa4 {[%emt 0:00:00] (Lag: Av=1.10s, max=4.6s)} 1/2-1/2

[Event "TOP 16 - Final A"]
[Site "TOP16-Final-A"]
[Date "2021.01.17"]
[Round "9"]
[White "Pierre35"]
[Black "ProfTerrieux"]
[Result "1/2-1/2"]
[WhiteElo "2108"]
[BlackElo "2325"]
[Annotator "NA RC"]
[PlyCount "119"]
[EventDate "2021.01.17"]
[EventType "blitz"]
[TimeControl "420+3"]

1. e4 {[%emt 0:00:08]} c5 {[%emt 0:00:03]} 2. Nf3 {[%emt 0:00:02]} e6 {[%emt 0:00:04]} 3. g3 {[%emt 0:00:08]} Nc6 {[%emt 0:00:06]} 4. Bg2 {[%emt 0:00:03]} Nf6 {[%emt 0:00:01]} 5. d3 {[%emt 0:00:07]} d6 {[%emt 0:00:07]} 6. O-O {[%emt 0:00:02]} Be7 {[%emt 0:00:01]} 7. Re1 {[%emt 0:00:07]} O-O {[%emt 0:00:07]} 8. c3 {[%emt 0:00:03]} Bd7 {[%emt 0:00:04]} 9. d4 {[%emt 0:00:12]} d5 {[%emt 0:00:16]} 10. e5 {[%emt 0:00:07]} Ne4 {[%emt 0:00:03]} 11. Nbd2 {[%emt 0:00:06]} Nxd2 {[%emt 0:00:09]} 12. Bxd2 {[%emt 0:00:02]} cxd4 {[%emt 0:00:26]} 13. cxd4 {[%emt 0:00:02]} Qb6 {[%emt 0:00:06]} 14. Bc3 {[%emt 0:00:17]} a5 {[%emt 0:00:01]} 15. Bf1 {[%emt 0:00:15]} a4 {[%emt 0:00:05]} 16. a3 {[%emt 0:00:07]} Na5 {[%emt 0:00:07]} 17. Bd3 {[%emt 0:00:11]} Nb3 {[%emt 0:01:03]} 18. Rb1 {[%emt 0:00:51]} Bb5 {[%emt 0:00:49]} 19. Bc2 {[%emt 0:01:39]} Bc4 {[%emt 0:00:01]} 20. Nd2 {[%emt 0:00:06]} Nxd2 {[%emt 0:00:07]} 21. Qxd2 {[%emt 0:00:00]} Qd8 {[%emt 0:00:10]} 22. h4 {[%emt 0:00:14]} b5 {[%emt 0:00:12]} 23. Rbc1 {[%emt 0:00:09]} Qb6 {[%emt 0:00:14]} 24. Kg2 {[%emt 0:00:17]} Rfb8 {[%emt 0:00:41]} 25. h5 {[%emt 0:00:13]} b4 {[%emt 0:01:04]} 26. axb4 {[%emt 0:00:03]} Bxb4 {[%emt 0:00:01]} 27. h6 {[%emt 0:00:17]} Bxc3 {[%emt 0:00:17]} 28. Qg5 {[%emt 0:00:34]} g6 {[%emt 0:00:02]} 29. Qf6 {[%emt 0:00:05]} Kf8 {[%emt 0:00:01]} 30. bxc3 {[%emt 0:00:03]} Qd8 {[%emt 0:00:01]} 31. Qg7+ {[%emt 0:00:06]} Ke7 {[%emt 0:00:01]} 32. Rb1 {[%emt 0:01:01]} Bb3 {[%emt 0:01:13]} 33. Bxb3 {[%emt 0:00:09]} axb3 {[%emt 0:00:04]} 34. Qxh7 {[%emt 0:00:09]} Qf8 {[%emt 0:00:04]} 35. Qg7 {[%emt 0:00:09]} Qxg7 {[%emt 0:00:07]} 36. hxg7 {[%emt 0:00:00]} Ra3 {[%emt 0:00:25]} 37. Re2 {[%emt 0:00:16]} f5 {[%emt 0:00:09]} 38. exf6+ {[%emt 0:00:27]} Kxf6 {[%emt 0:00:01]} 39. Rbb2 {[%emt 0:00:04]} Kf7 {[%emt 0:00:10]} 40. f4 {[%emt 0:00:02]} Rg8 {[%emt 0:00:05]} 41. Re1 {[%emt 0:00:07]} Kf6 {[%emt 0:00:06]} 42. Reb1 {[%emt 0:00:02]} Kxg7 {[%emt 0:00:03]} 43. Rxb3 {[%emt 0:00:01]} Ra2+ {[%emt 0:00:01]} 44. R1b2 {[%emt 0:00:01]} Rxb2+ {[%emt 0:00:01]} 45. Rxb2 {[%emt 0:00:00]} Rc8 {[%emt 0:00:01]} 46. Rb3 {[%emt 0:00:03]} Kf6 {[%emt 0:00:02]} 47. Kf3 {[%emt 0:00:01]} g5 {[%emt 0:00:00]} 48. Kg4 {[%emt 0:00:09]} gxf4 {[%emt 0:00:01]} 49. Kxf4 {[%emt 0:00:00]} Rc4 {[%emt 0:00:03]} 50. g4 {[%emt 0:00:02]} e5+ {[%emt 0:00:01]} 51. Ke3 {[%emt 0:00:05]} exd4+ {[%emt 0:00:03]} 52. cxd4 {[%emt 0:00:00]} Kg5 {[%emt 0:00:02]} 53. Kd3 {[%emt 0:00:08]} Rc8 {[%emt 0:00:10]} 54. Rb7 {[%emt 0:00:05]} Rd8 {[%emt 0:00:08]} 55. Rg7+ {[%emt 0:00:01]} Kf6 {[%emt 0:00:01]} 56. Rh7 {[%emt 0:00:02]} Kg5 {[%emt 0:00:01]} 57. Rg7+ {[%emt 0:00:04]} Kf6 {[%emt 0:00:01]} 58. Ra7 {[%emt 0:00:01]} Kg5 {[%emt 0:00:01]} 59. Rf7 {[%emt 0:00:05]} Kxg4 {[%emt 0:00:02] Pierre35 offers a draw} 60. Rf6 {[%emt 0:00:05]} 1/2-1/2

[Event "TOP 16 - Final A"]
[Site "TOP16-Final-A"]
[Date "2021.01.17"]
[Round "9"]
[White "SebyFischer57"]
[Black "Nikame"]
[Result "0-1"]
[WhiteElo "2065"]
[BlackElo "1959"]
[Annotator "NA RC"]
[PlyCount "52"]
[EventDate "2021.01.17"]
[EventType "blitz"]
[TimeControl "420+3"]

1. c4 {[%emt 0:00:03]} e6 {[%emt 0:00:14]} 2. Nf3 {[%emt 0:00:04]} Nf6 {[%emt 0:00:06]} 3. g3 {[%emt 0:00:03]} a6 {[%emt 0:00:01]} 4. Bg2 {[%emt 0:00:06]} b5 {[%emt 0:00:02]} 5. b3 {[%emt 0:00:37]} Bb7 {[%emt 0:00:02]} 6. O-O {[%emt 0:00:02]} Be7 {[%emt 0:00:13]} 7. d4 {[%emt 0:01:07]} c5 {[%emt 0:00:08]} 8. Nc3 {[%emt 0:00:45]} cxd4 {[%emt 0:00:59]} 9. Qxd4 {[%emt 0:00:09]} Nc6 {[%emt 0:00:06]} 10. Qf4 {[%emt 0:00:04]} bxc4 {[%emt 0:00:07]} 11. bxc4 {[%emt 0:00:04]} Rc8 {[%emt 0:00:13]} 12. Rb1 {[%emt 0:00:21]} Na5 {[%emt 0:00:02]} 13. Be3 {[%emt 0:01:42]} Rxc4 {[%emt 0:00:16]} 14. Bb6 {[%emt 0:00:05]} Rxf4 {[%emt 0:00:13]} 15. Bxd8 {[%emt 0:00:03]} Rxf3 {[%emt 0:00:22]} 16. Bxa5 {[%emt 0:00:03]} Rf5 {[%emt 0:00:02]} 17. Nd5 {[%emt 0:01:15]} exd5 {[%emt 0:00:55]} 18. Rxb7 {[%emt 0:00:04]} O-O {[%emt 0:00:02]} 19. Bc3 {[%emt 0:00:39]} Rc8 {[%emt 0:00:51]} 20. Bxf6 {[%emt 0:00:05]} Bxf6 {[%emt 0:00:07]} 21. Rxd7 {[%emt 0:00:03]} d4 {[%emt 0:00:15]} 22. Bd5 {[%emt 0:00:13]} Rf8 {[%emt 0:00:22]} 23. Rb1 {[%emt 0:00:05]} Re5 {[%emt 0:00:19]} 24. Kf1 {[%emt 0:00:03]} Re7 {[%emt 0:00:06]} 25. Rbb7 {[%emt 0:00:03]} Rfe8 {[%emt 0:00:05]} 26. Bxf7+ {[%emt 0:00:07]} Kxf7 {[%emt 0:00:03] SebyFischer57 resigns} 0-1

[Event "TOP 16 - Final A"]
[Site "TOP16-Final-A"]
[Date "2021.01.17"]
[Round "9"]
[White "Amiralfio"]
[Black "Jncool68"]
[Result "1/2-1/2"]
[WhiteElo "1869"]
[BlackElo "2259"]
[Annotator "NA RC"]
[PlyCount "102"]
[EventDate "2021.01.17"]
[EventType "blitz"]
[TimeControl "420+3"]

1. Nf3 {[%emt 0:00:33]} d5 {[%emt 0:00:05]} 2. c4 {[%emt 0:00:01]} e6 {[%emt 0:00:04]} 3. g3 {[%emt 0:00:03]} Nf6 {[%emt 0:00:01]} 4. Bg2 {[%emt 0:00:01]} Be7 {[%emt 0:00:01]} 5. O-O {[%emt 0:00:01]} O-O {[%emt 0:00:01]} 6. d4 {[%emt 0:00:02]} dxc4 {[%emt 0:00:12]} 7. Qc2 {[%emt 0:00:14]} b6 {[%emt 0:00:01]} 8. Ne5 {[%emt 0:00:02]} Qxd4 {[%emt 0:00:02]} 9. Bxa8 {[%emt 0:00:01]} Qxe5 {[%emt 0:00:01]} 10. Bg2 {[%emt 0:00:28]} Qh5 {[%emt 0:00:31]} 11. Qxc4 {[%emt 0:00:33]} c5 {[%emt 0:00:11]} 12. Nc3 {[%emt 0:00:05]} Nbd7 {[%emt 0:00:04]} 13. Bf4 {[%emt 0:00:17]} a6 {[%emt 0:00:06]} 14. a4 {[%emt 0:00:08]} Ne5 {[%emt 0:00:29]} 15. Qb3 {[%emt 0:00:29]} Nfd7 {[%emt 0:00:02]} 16. Rad1 {[%emt 0:00:09]} c4 {[%emt 0:00:06]} 17. Qc2 {[%emt 0:00:05]} Nc5 {[%emt 0:00:01]} 18. Ne4 {[%emt 0:00:19]} b5 {[%emt 0:00:01]} 19. axb5 {[%emt 0:00:09]} axb5 {[%emt 0:00:00]} 20. Nd6 {[%emt 0:00:18]} Ng6 {[%emt 0:00:31]} 21. Be3 {[%emt 0:00:49]} Ba6 {[%emt 0:00:30]} 22. Qc3 {[%emt 0:00:29]} Nb3 {[%emt 0:00:15]} 23. f4 {[%emt 0:00:56]} Rd8 {[%emt 0:01:00]} 24. Bf3 {[%emt 0:00:41]} Qh3 {[%emt 0:00:01]} 25. Ne4 {[%emt 0:00:07]} Rxd1 {[%emt 0:00:02]} 26. Rxd1 {[%emt 0:00:00]} b4 {[%emt 0:00:07]} 27. Qc2 {[%emt 0:00:16]} Qf5 {[%emt 0:00:01]} 28. Rd7 {[%emt 0:00:08]} Qb5 {[%emt 0:00:17]} 29. Qd1 {[%emt 0:00:08]} Bf8 {[%emt 0:00:06]} 30. Ng5 {[%emt 0:00:03]} c3 {[%emt 0:00:08]} 31. Rxf7 {[%emt 0:00:23]} Qc4 {[%emt 0:00:06]} 32. bxc3 {[%emt 0:00:09]} bxc3 {[%emt 0:00:02]} 33. Be4 {[%emt 0:00:23]} Nc5 {[%emt 0:00:05]} 34. Bc2 {[%emt 0:00:03]} h6 {[%emt 0:00:04]} 35. Nf3 {[%emt 0:00:06]} Kxf7 {[%emt 0:00:01]} 36. Bxg6+ {[%emt 0:00:01]} Kg8 {[%emt 0:00:05]} 37. Qc2 {[%emt 0:00:06]} Qxe2 {[%emt 0:00:02]} 38. Bh7+ {[%emt 0:00:05]} Kh8 {[%emt 0:00:01]} 39. Qxe2 {[%emt 0:00:02]} Bxe2 {[%emt 0:00:01]} 40. Nd4 {[%emt 0:00:03]} Kxh7 {[%emt 0:00:36]} 41. Nxe2 {[%emt 0:00:01]} Ne4 {[%emt 0:00:00]} 42. Kg2 {[%emt 0:00:05]} Bb4 {[%emt 0:00:05]} 43. Nd4 {[%emt 0:00:02]} Ba3 {[%emt 0:00:03]} 44. Nc2 {[%emt 0:00:01]} Bb2 {[%emt 0:00:01]} 45. Kf3 {[%emt 0:00:02]} Nd6 {[%emt 0:00:01]} 46. Ke2 {[%emt 0:00:04]} Kg6 {[%emt 0:00:04]} 47. Kd3 {[%emt 0:00:01]} Kf5 {[%emt 0:00:01]} 48. Bd4 {[%emt 0:00:03]} g5 {[%emt 0:00:08]} 49. fxg5 {[%emt 0:00:03]} hxg5 {[%emt 0:00:01]} 50. Ne3+ {[%emt 0:00:08]} Kg6 {[%emt 0:00:05] Jncool68 propose la nulle} 51. Bxc3 {[%emt 0:00:01]} Bxc3 {[%emt 0:00:02]} 1/2-1/2

[Event "TOP 16 - Final A"]
[Site "TOP16-Final-A"]
[Date "2021.01.17"]
[Round "10"]
[White "Tigran1984"]
[Black "Pierre35"]
[Result "1/2-1/2"]
[WhiteElo "2731"]
[BlackElo "2117"]
[Annotator "NA RC"]
[PlyCount "128"]
[EventDate "2021.01.17"]
[EventType "blitz"]
[TimeControl "420+3"]

1. e4 {[%emt 0:00:03]} e5 {[%emt 0:00:03]} 2. Nf3 {[%emt 0:00:02]} Nc6 {[%emt 0:00:03]} 3. Nc3 {[%emt 0:00:00]} Nf6 {[%emt 0:00:02]} 4. d4 {[%emt 0:00:00]} exd4 {[%emt 0:00:02]} 5. Nxd4 {[%emt 0:00:00]} Bb4 {[%emt 0:00:02]} 6. Nxc6 {[%emt 0:00:01]} bxc6 {[%emt 0:00:01]} 7. Bd3 {[%emt 0:00:01]} d5 {[%emt 0:00:03]} 8. Bd2 {[%emt 0:00:05]} O-O {[%emt 0:00:31]} 9. O-O {[%emt 0:00:02]} Bxc3 {[%emt 0:00:33]} 10. Bxc3 {[%emt 0:00:03]} dxe4 {[%emt 0:00:15]} 11. Bxf6 {[%emt 0:00:04]} Qxf6 {[%emt 0:00:01]} 12. Bxe4 {[%emt 0:00:03]} Qxb2 {[%emt 0:00:50]} 13. Bxc6 {[%emt 0:00:11]} Rb8 {[%emt 0:00:36]} 14. Bd5 {[%emt 0:00:07]} Qf6 {[%emt 0:00:12]} 15. Bb3 {[%emt 0:00:27]} Be6 {[%emt 0:00:06]} 16. Re1 {[%emt 0:00:05]} Rfd8 {[%emt 0:00:25]} 17. Qe2 {[%emt 0:00:08]} Rb6 {[%emt 0:00:42]} 18. Rad1 {[%emt 0:00:41]} Rbd6 {[%emt 0:00:25]} 19. Rxd6 {[%emt 0:00:06]} Rxd6 {[%emt 0:00:02]} 20. Qe3 {[%emt 0:00:20]} Qd4 {[%emt 0:00:17]} 21. Qxd4 {[%emt 0:00:22]} Rxd4 {[%emt 0:00:00]} 22. f3 {[%emt 0:00:01]} Rd6 {[%emt 0:00:47]} 23. Re5 {[%emt 0:00:16]} Kf8 {[%emt 0:00:05]} 24. Rc5 {[%emt 0:00:03]} c6 {[%emt 0:00:09]} 25. Ra5 {[%emt 0:00:05]} Rd7 {[%emt 0:00:10]} 26. Ra6 {[%emt 0:00:20]} Rc7 {[%emt 0:00:09]} 27. Kf2 {[%emt 0:00:01]} Ke7 {[%emt 0:00:02]} 28. Ke3 {[%emt 0:00:02]} Kd6 {[%emt 0:00:12]} 29. Ra4 {[%emt 0:01:03]} Bd5 {[%emt 0:00:10]} 30. Ra5 {[%emt 0:00:15]} h6 {[%emt 0:00:52]} 31. h4 {[%emt 0:00:11]} Be6 {[%emt 0:00:16]} 32. h5 {[%emt 0:00:18]} Re7 {[%emt 0:00:06]} 33. Kf4 {[%emt 0:00:12]} g5+ {[%emt 0:00:15]} 34. hxg6 {[%emt 0:00:04]} fxg6 {[%emt 0:00:00]} 35. Bxe6 {[%emt 0:01:32]} Rxe6 {[%emt 0:00:00]} 36. Rxa7 {[%emt 0:00:01]} Re2 {[%emt 0:00:01]} 37. g3 {[%emt 0:00:11]} Rxc2 {[%emt 0:00:02]} 38. Rg7 {[%emt 0:00:01]} Rc4+ {[%emt 0:00:11]} 39. Ke3 {[%emt 0:00:02]} g5 {[%emt 0:00:12]} 40. Rg6+ {[%emt 0:00:06]} Kd5 {[%emt 0:00:01]} 41. Rxh6 {[%emt 0:00:00]} Rc3+ {[%emt 0:00:01]} 42. Ke2 {[%emt 0:00:03]} Rc2+ {[%emt 0:00:02]} 43. Kd3 {[%emt 0:00:01]} Rxa2 {[%emt 0:00:02]} 44. Rg6 {[%emt 0:00:06]} Ra3+ {[%emt 0:00:01]} 45. Ke2 {[%emt 0:00:01]} Ra2+ {[%emt 0:00:03]} 46. Ke3 {[%emt 0:00:00]} Ra3+ {[%emt 0:00:02]} 47. Kf2 {[%emt 0:00:01]} Ra2+ {[%emt 0:00:01]} 48. Ke3 {[%emt 0:00:11]} Ra3+ {[%emt 0:00:01]} 49. Ke2 {[%emt 0:00:00]} Ra2+ {[%emt 0:00:01]} 50. Kd1 {[%emt 0:00:14]} c5 {[%emt 0:00:14]} 51. Rxg5+ {[%emt 0:00:02]} Kd4 {[%emt 0:00:01]} 52. Rg7 {[%emt 0:00:18]} Rg2 {[%emt 0:00:07]} 53. f4 {[%emt 0:00:23]} c4 {[%emt 0:00:02]} 54. f5 {[%emt 0:00:05]} c3 {[%emt 0:00:07]} 55. g4 {[%emt 0:00:25]} Kd3 {[%emt 0:00:02]} 56. Rd7+ {[%emt 0:00:01]} Ke4 {[%emt 0:00:01]} 57. Rg7 {[%emt 0:00:08]} Kd3 {[%emt 0:00:01]} 58. Rd7+ {[%emt 0:00:01]} Ke4 {[%emt 0:00:01]} 59. f6 {[%emt 0:00:11]} Rxg4 {[%emt 0:00:03]} 60. Kc2 {[%emt 0:00:06]} Rf4 {[%emt 0:00:03]} 61. f7 {[%emt 0:00:02]} Ke5 {[%emt 0:00:01]} 62. Kxc3 {[%emt 0:00:04]} Ke6 {[%emt 0:00:01]} 63. Ra7 {[%emt 0:00:02]} Rxf7 {[%emt 0:00:01]} 64. Rxf7 {[%emt 0:00:01]} Kxf7 {[%emt 0:00:00] No Material (Lag: Av=0.38s, max=0.9s)} 1/2-1/2

[Event "TOP 16 - Final A"]
[Site "TOP16-Final-A"]
[Date "2021.01.17"]
[Round "10"]
[White "ProfTerrieux"]
[Black "Adrien Demuth"]
[Result "0-1"]
[WhiteElo "2315"]
[BlackElo "2346"]
[Annotator "TA"]
[PlyCount "74"]
[EventDate "2021.01.17"]
[EventType "blitz"]

{[%evp 9,74,-1,-6,0,7,-1,-5,1,9,-4,-13,-34,-30,-88,-83,-83,-89,-138,-151,-156,-124,-191,-139,-149,-141,-158,-156,-189,-119,-204,-201,-217,-196,-223,-135,-203,-187,-200,-194,-191,-135,-283,-280,-259,-189,-154,-8,-68,-8,-32,-10,-20,-19,-26,-44,-289,-244,-229,-185,-165,-177,-459,-455,-428,-417,-881,-854]} 1. d4 Nf6 2. Nc3 d5 3. Bf4 g6 4. e3 Bg7 5. h4 c6 6. Nf3 {D00: 1 d4 d5: Unusual lines.} Qb6 7. Na4 Qa5+ 8. c3 {The position is equal.} O-O {[#]} 9. Ne5 $146 ({Predecessor:} 9. Nc5 Qd8 10. Be2 Nbd7 11. Nd3 h6 12. Qb3 Ne4 13. g4 Qb6 14. g5 h5 15. Kf1 {½-½ (34) Osmak,I (2414)-Ladopoulos,D (2224) Kavala 2019}) 9... Nbd7 10. b4 Qd8 11. h5 (11. Nc5 $11 {keeps the balance.}) 11... Nxh5 12. Nxd7 Bxd7 13. Nc5 Nxf4 14. exf4 b6 15. Nd3 (15. Nxd7 $17 {was worth a try.} Qxd7 16. Ba6) 15... Bf5 (15... a5 $19 16. bxa5 Rxa5) 16. Ne5 $17 c5 17. g4 Be6 18. f5 Bc8 ({Don't take} 18... gxf5 19. gxf5 Bxf5 20. Qh5 $15) (18... cxd4 $19 19. Qxd4 Qd6 $1) 19. Qf3 (19. Bd3 $17) 19... cxd4 $19 20. cxd4 Qd6 $1 {[%cal Rd6b4]} 21. Qc3 Bd7 22. f4 (22. Be2 $17) 22... Rfc8 23. Qd2 a5 24. b5 Bxe5 (24... Rc7 $19 25. Bd3 Qb4 26. Qxb4 axb4) 25. dxe5 (25. fxe5 $17 Qb4 26. a3) 25... Qb4 {And now ...Qe4+ would win.} 26. Bd3 Rc5 27. Rb1 {[#]} Qc3 ({Better is} 27... Qd4 $1 $17 28. Bc2 Rc4 29. Qxd4 Rxd4) 28. e6 (28. Ke2 $11) 28... fxe6 (28... Be8 $15 29. exf7+ Bxf7) 29. fxg6 $11 {Black should prevent Qxc3.} hxg6 (29... Rf8 {with more complications.} 30. Qxc3 Rxc3 31. Kd2 Ra3 32. Rxh7 Rxf4 33. Rxe7 Rd4) 30. Qxc3 $1 Rxc3 31. Kd2 {[%cal Rd2c3]} Ra3 {Strongly threatening ...Rf8.} 32. Bxg6 $2 (32. Rh6 $1 $15 Rf8 33. Rbh1 Rxa2+ 34. Kc3 Ra3+ 35. Kc2 Rxd3 36. Rh8+ Kf7 37. Rxf8+ Kxf8 38. Kxd3) 32... Rxa2+ 33. Ke3 Ra3+ 34. Bd3 Rc8 35. Rh5 $2 (35. Rh2 {is a better defense.}) 35... Be8 $19 {aiming for ...Rcc3.} 36. Rg5+ {[#]} Kf7 $1 37. Rh1 (37. Ke2 $142 Rcc3 38. Bg6+ Kf8 39. Bxe8 Kxe8 40. Re1) 37... Bxb5 $1 {Weighted Error Value: White=0.51/Black=0.27} 0-1

[Event "TOP 16 - Final A"]
[Site "TOP16-Final-A"]
[Date "2021.01.17"]
[Round "10"]
[White "Bagheri amir"]
[Black "Christian Bauer"]
[Result "0-1"]
[WhiteElo "2183"]
[BlackElo "2462"]
[Annotator "TA"]
[PlyCount "148"]
[EventDate "2021.01.17"]
[EventType "blitz"]
[WhiteTeam "monaco"]

{[%evp 9,148,0,0,-7,0,0,10,-5,-4,-9,13,12,36,20,39,37,43,47,57,45,43,39,51,40,47,35,45,45,43,18,54,23,104,113,146,16,41,40,31,7,13,11,14,0,0,0,0,0,0,-7,0,0,0,0,0,-2,0,0,0,-9,0,0,0,-24,0,-299,-166,-286,-302,-301,-287,-292,-301,-296,-279,-276,-271,-295,-302,-296,-302,-298,-262,-643,-639,-666,-659,-1229,-1211,-992,-568,-518,-454,-377,8,8,8,8,8,8,8,8,8,8,29972,29972,29971,0,0,0,0,0,0,0,0,0,29985,0,0,0,0,0,0,0,0,0,0,0,0,0,0,0,0,0,0,0,0,0,0,0,0]} 1. d4 d6 2. Nf3 Nf6 3. Bg5 Nbd7 4. Nbd2 e5 5. e3 Be7 6. Bd3 {A46: 1 d4 Nf6 2 Nf3 e6: Torre, London and Colle Systems.} O-O 7. O-O Re8 {[#]} 8. c4 $146 ({Predecessor:} 8. dxe5 dxe5 9. e4 c6 10. Re1 Qc7 11. h3 Nf8 12. Nc4 Bd8 13. Qd2 b5 14. Ne3 {0-1 (65) Silbernberg,P-Bustos Acosta,I ICC INT 2009}) 8... h6 9. Bh4 Bf8 10. Qc2 a5 11. Rfd1 exd4 12. exd4 Be7 13. Re1 Nf8 14. h3 Nh5 15. Bxe7 Rxe7 16. Rxe7 Qxe7 17. Re1 Qd8 18. d5 Nf4 19. Qc3 Nd7 20. Bf1 Nc5 (20... Nh5 $11 {remains equal.}) 21. Qe3 $16 Qf6 22. Qd4 (22. Qe8+ $16 Kh7 23. b3) 22... Bd7 $11 23. Qxf6 gxf6 24. Ne4 Nxe4 25. Rxe4 Ng6 26. Nd4 f5 27. Re1 Kg7 28. g3 f4 29. h4 fxg3 30. fxg3 Ne5 31. Be2 Re8 32. Kf2 Bg4 33. Bf1 Bd7 34. Kg2 c6 35. dxc6 bxc6 36. Re3 c5 37. Ne2 {[%mdl 8192]} (37. Nb5 $11) 37... Bc6+ (37... Nxc4 $142 38. Rxe8 Bxe8) 38. Kh3 (38. Kg1 {only move.}) 38... Nxc4 $19 39. Rxe8 Bxe8 {[%mdl 4096] Endgame KBN-KBN} 40. b3 Ne3 41. Bg2 Bd7+ 42. Kh2 a4 43. bxa4 Nxg2 ({Much less strong is} 43... Bxa4 44. Nc3 $19) 44. Kxg2 Bxa4 {KB-KN} 45. Kf3 Kf6 46. Ke3 $2 (46. Kf4) 46... d5 47. g4 Ke5 48. Ng3 d4+ 49. Kd2 Bd7 50. g5 hxg5 51. h5 {With the idea h6.} f5 $2 ({Black should play} 51... Be6 $19 {...f5 is the strong threat.} 52. h6 Kf6 53. Ne4+ Kg6) 52. h6 $11 Kf6 53. Nh5+ $1 Kg6 {[%mdl 64] [#] Double Attack} 54. h7 {[%cal Rh7h8][%mdl 64] Decoy} Kxh7 55. Nf6+ Kg6 56. Nxd7 {KN-KP} c4 {[%mdl 8192] [#]} (56... g4 $11) 57. a4 $1 {[%cal Ra4a5]} c3+ {[#]} 58. Kd3 $2 (58. Kc2 $1 {mates} g4 59. a5 g3 60. a6 g2 61. Ne5+ Kh5 62. Nf3 Kg4 63. Ng1 (63. a7 Kxf3 64. a8=Q+ Kf2 $11)) 58... f4 59. a5 Kf5 {aiming for ...f3.} 60. a6 f3 61. a7 f2 62. Ke2 f1=Q+ 63. Kxf1 {KN-K3P} c2 {The position is equal.} 64. a8=Q {Qc6 would kill now.} c1=Q+ 65. Ke2 {Threatens to win with Qf8+.} Qc2+ 66. Ke1 Qb1+ 67. Kd2 Qb2+ 68. Kd1 Qb3+ 69. Kd2 Qe3+ 70. Kd1 d3 71. Qd5+ Kf4 72. Qd6+ Kf3 73. Ne5+ Ke4 {( -> ...Qe2+)} 74. Qg6+ Kxe5 {[%mdl 32768] Never resign too early!  Weighted Error Value: White=0.44/Black=0.40. Sensor Board Error (Ke4/e5)?} 0-1